| 000 | 00400 a2200145 4500 | ||
|---|---|---|---|
| 005 | 20250314141436.0 | ||
| 020 | _a978-1-4441-6724-5 | ||
| 082 | _a338.91 COM | ||
| 245 | _aThe Companion to Development Studies. | ||
| 250 | _a3rdEd. | ||
| 260 |
_aNew York, _bRoutledge, _c2014. |
||
| 300 |
_axxii,603p.:Ill.;figures. _bIndex. _c24cm. |
||
| 700 | _aVANDANA, DESAI AND ROBERT,B. POTTER. | ||
| 942 |
_2ddc _cBKS |
||
| 999 |
_c640 _d640 |
||